Online
Catalog

El último Papa / (Record no. 3609)

MARC details
000 -CABECERA
campo de control de longitud fija 00666cam a2200217 a 4500
001 - NÚMERO DE CONTROL
campo de control 000003787
005 - FECHA Y HORA DE LA ÚLTIMA TRANSACCIÓN
campo de control 20200929150553.0
008 - DATOS DE LONGITUD FIJA--INFORMACIÓN GENERAL
campo de control de longitud fija 951206s1998 sp 001 0 spa
020 ## - NÚMERO INTERNACIONAL ESTÁNDAR DEL LIBRO
Número Internacional Estándar del Libro 8408025031
040 ## - FUENTE DE LA CATALOGACIÓN
Centro catalogador/agencia de origen DO-SdBNP
Lengua de catalogación spa
Centro/agencia transcriptor BNPHU
041 17 - CÓDIGO DE LENGUA
Código de lengua del texto/banda sonora o título independiente esp
Código de lengua original eng
082 ## - NÚMERO DE LA CLASIFICACIÓN DECIMAL DEWEY
Número de clasificación 891.628
Número de documento/Ítem M379u
100 1# - ENTRADA PRINCIPAL--NOMBRE DE PERSONA
Nombre de persona Martin, Malachi
Fechas asociadas al nombre 1921-1999
9 (RLIN) 11510
245 13 - MENCIÓN DE TÍTULO
Título El último Papa /
Mención de responsabilidad, etc. Malachi Martin ; traductor, Enric Tremps.
260 ## - PUBLICACIÓN, DISTRIBUCIÓN, ETC.
Lugar de publicación, distribución, etc. Barcelona :
Nombre del editor, distribuidor, etc. Planeta,
Fecha de publicación, distribución, etc. 1998.
300 ## - DESCRIPCIÓN FÍSICA
Extensión [731] p. ;
Dimensiones 24 cm.
534 ## - NOTA SOBRE LA VERSIÓN ORIGINAL
Encabezamiento principal del original Título original: The windswept house.
650 #4 - PUNTO DE ACCESO ADICIONAL DE MATERIA--TÉRMINO DE MATERIA
Término de materia o nombre geográfico como elemento de entrada Novela irlandesa
9 (RLIN) 11511
650 #4 - PUNTO DE ACCESO ADICIONAL DE MATERIA--TÉRMINO DE MATERIA
Término de materia o nombre geográfico como elemento de entrada Literatura irlandesa
9 (RLIN) 11512
700 1# - PUNTO DE ACCESO ADICIONAL--NOMBRE DE PERSONA
Nombre de persona Tremps, Enric.
Término indicativo de función/relación tr.
9 (RLIN) 10907
Holdings
Estado de retiro Estado de pérdida Restricciones de uso No para préstamo Código de colección Localización permanente Ubicación/localización actual Ubicación en estantería Fecha de adquisición Número de inventario Total de préstamos Signatura topográfica completa Código de barras Fecha visto por última vez Precio válido a partir de Tipo de ítem Koha
    Préstamo interno   Monografías: Libros y Folletos General General Depósito 13.07.2009 LF1   891.628 M379u 3787-10 25.06.2020 25.06.2020 Préstamo interno

Powered by Koha